000 01865nas1a22002651i 4500
001 RU\NLR\Per\895282
005 20260407194558.0
035 _a(NLR Aleph) 003162349
090 _a3114219
_c3114219
100 _a20121022a20119999|||y0rusy50 ca
101 0 _arus
102 _aRU
110 _azu|||||||||
200 1 _aИнформационные технологии управления
_eсборник научных статей
_fМВД России, С.-Петерб. ун-т, Каф. спец. информ. технологий, Фак. заочного обучения, Фак. подгот. фин.-экон. кадров, Спец. фак., Слушат. науч. о-во
207 0 _aВып. 1 (2011) -
210 _aСанкт-Петербург
_cСанкт-Петербургский университет МВД России
_d2011 -
606 1 _aУправление
_jПериодические издания
_xИнформационные технологии
_92139273
_3RU\NLR\AUTH\661289603
686 1 _aУ21(2)030.2я54
712 0 2 _4570
_aСанкт-Петербургский университет МВД России
_bКафедра специальных информационных технологий
_9754560
_3RU\NLR\AUTH\8810128806
852 _aNLR
_jП22/9464
942 _cCOLLECTION
980 _aRUSPER